000 00558nam a2200193 i 4500
001 32173
003 ES-MaACL
005 20250903084336.0
007 t|
008 030303n1881 it ||||1| ita d
110 2 _aFratelli Bocca.
_94178
245 1 0 _a[Catálogo de la Libreria de Fratelli Bocca].
260 _aTorino :
_b[s.n.,
_c1881?]
300 _a47 p. ;
_c20 cm.
650 7 _aCatálogos de editores-
_yS.XX
_2
_9169795
650 7 _aCatálogos de editores-
_yS.XIX
_2
_9169796
852 _aES-MaACL
_jT-420-F-13
999 _c32173
_d32173